01025nam a2200205 i 4500001000700000003000900007005001700016008004100033100002700074245022400101260005400325300002200379651005100401651005300452710003700505752004700542852008500589999001900674952012600693168082ES-MaACL20250831013821.0051010s1871 xxu |||| | eng d1 aYoung, Edward.913399410aInformation for immigrants b: relative to the prices and rentals of land, the staple products, facilities of access to market, cost of farm stock ... : to which are append ... : in the year 1869-70 / cby Edward Young. aPhiladelphia : bSamuel D. Burlock & Co., c1871. a232 p. ; c23 cm. 4aEstados Unidos-xSituación económica98572 4aEstados Unidos-xEmigración-vFuentes.91371322 aBurlock, Samuel D. & Co.9134207 aEstados Unidos de América - dFiladelfia aES-MaACLjG-13638 z- Enc. ed. en tela z- Lleva enc. numerosas p. de publicidad c168082d168082 001040708LIBXIXaATENEOMbATENEOMcSPP3d2008-01-17eSSCl0oG-13638p1176355r2023-02-23 00:00:00w2023-02-23yMONANT